Género, clase y raza en América Latina: algunas aportaciones /

Uloženo v:
Podrobná bibliografie
Hlavní autor: Luna, Lola G.
Další autoři: comp
Médium: Neznámo
Vydáno: Barcelona: Universitat de Barcelona
Témata:
Tagy: Přidat tag
Žádné tagy, Buďte první, kdo vytvoří štítek k tomuto záznamu!

MARC

LEADER 00000 a2200000 04500
001 18594
003
008 991231s d
040 |a CRAI/IIS  |c CRAI/IIS 
090 |a 143703  
100 |a Luna, Lola G.  
245 |a Género, clase y raza en América Latina: algunas aportaciones /  |c Lola G. Luna  
260 |a Barcelona:   |b Universitat de Barcelona  
300 |a 204 p.  
650 |a MUJERES  
650 |a PARTICIPACION DE LA MUJER  
650 |a ORGANIZACIONES FEMENINAS  
650 |a MOVIMIENTOS SOCIALES  
700 |a comp  
999 |c 17666  |d 17666